000
00262nam a2200109Ia 4500
008
220204s9999 xx 000 0 und d
082
_a
159.9
_b
WES
100
_a
Mae
245
0
_a
Mae West on sex, health and ESP
260
_a
London
_b
W H Allen
_c
1975
942
_c
BK
999
_c
34219
_d
34219